Subcommittee on foreign economic policy of the joint ecnomic committee congress of the United States

Đã lưu trong:
Bibliografiske detaljer
Format: Bog
Sprog:Undetermined
Udgivet: New York 1961
Fag:
Tags: Tilføj Tag
Ingen Tags, Vær først til at tagge denne postø!
Thư viện lưu trữ: Trung tâm Học liệu Trường Đại học Cần Thơ
LEADER 00501nam a2200157Ia 4500
001 CTU_97392
008 210402s9999 xx 000 0 und d
082 |a 337 
082 |b S941/1961 
245 0 |a Subcommittee on foreign economic policy of the joint ecnomic committee congress of the United States 
260 |a New York 
260 |c 1961 
650 |a Commercial policy,United States 
650 |x Commercial policy 
904 |i Tuyến 
980 |a Trung tâm Học liệu Trường Đại học Cần Thơ